Studies in maritime economics

Αποθηκεύτηκε σε:
Λεπτομέρειες βιβλιογραφικής εγγραφής
Κύριος συγγραφέας: Goss, R. O.
Μορφή: Βιβλίο
Γλώσσα:English
Δημοσίευση: London : Cambridge University Press, 1968
Θέματα:
Ετικέτες: Προσθήκη ετικέτας
Δεν υπάρχουν, Καταχωρήστε ετικέτα πρώτοι!

MARC

LEADER 00000nam a2200000 i 4500
001 1/36715
008 971216s1968 eng d
020 |a 0521073294 
035 |l 10024540 
040 |a GR-MY-UA  |b gre  |e aacr 
041 0 |a eng 
082 0 |a 387 
100 1 |a Goss, R. O. 
245 1 0 |a Studies in maritime economics /  |c [by] R. O. Goss 
260 |a London :   |b Cambridge University Press,   |c 1968 
300 |a viii, 194 p.;  |b ill.;  |c 23 cm. 
504 |a Includes bibliographical footnotes 
650 0 0 |a Shipping. 
852 |a INST  |b CHIOS  |e 19971216  |h 387.51 GOS  |p 005200004987  |q 005200004987  |t BK  |y 0 
909 |a Χ  |b 010280